banner-ar

محمد على ونابليون : (Record no. 59902)

MARC details
000 -الفاتح
حقل البيانات ثابتة الطول 01222nam a22002777a 4500
005 - وقت وتاريخ اخر تعامل مع التسجيلة
رقم الضبط 20240530110342.0
008 - عناصر البيانات ثابتة الطول - معلومات عامة
حقل البيانات ثابتة الطول 141119s2008 ua fr 000 0 ara d
017 ## - رقم الايداع القانونى
رقم الايداع القانونى 13386/2008
المصدر ( الهيئة المختصة) مصر . دار الكتب المصرية
020 ## - الرقم الدولى المعيارى للكتب
الرقم الدولى المعيارى للكتاب 977437777x
040 ## - مصدر الفهرسة
وكالة الفهرسة الأصلية EG-CaGPL
041 ## - رمز اللغة
رمز لغة النص/ المسارات الصوتية أو العنوان الانفرادي ara
082 04 - رقم تصنيف ديوى العشرى
رقم الطبعة 21
رقم التصنيف 962.031
رقم المادة ق/د م
245 00 - بيان العنوان
العنوان محمد على ونابليون :
بقية العنوان 1807-1814 :مراسلات قناصل فرنسا فى مصر /
بيان المسئوليه,etc جمعها ونشرها ادوارد دريو ؛ترجمة ناصر احمد ابراهيم ؛ مراجعة وتقديم رءوف عباس حامد
250 ## - بيان الطبعة
بيان الطبعة ط 1
260 ## - PUBLICATION, DISTRIBUTION, ETC. (IMPRINT)
تاريخ النشر أو التوزيع 2008
300 ## - الوصف المادى
التعداد 472 ص ؛
أبعاد الوعاء 24 سم
650 04 - المدخل الاضافى بالموضوع-مصطلح موضوعى
مصطلح موضوعي المراسلات الدولية
650 04 - المدخل الاضافى بالموضوع-مصطلح موضوعى
مصطلح موضوعي حجر رشيد
651 04 - المدخل الاضافى بالموضوع - اسم جغرافى
الاسم الجغرافي مصر
التقسيم الفرعي العام تاريخ
-- الحملة الفرنسية
651 04 - المدخل الاضافى بالموضوع - اسم جغرافى
الاسم الجغرافي مصر
التقسيم الفرعي العام تاريخ
التقسيم الفرعي الزمني العصر الحديث
-- عصر محمد على
700 10 - المدخل الاضافى - اسم شخصى
الإسم الشخصى دريو، ادوارد
الدور جمعها ونشرها
700 00 - المدخل الاضافى - اسم شخصى
الإسم الشخصى ناصر احمد ابراهيم
الدور مترجم
700 00 - المدخل الاضافى - اسم شخصى
الإسم الشخصى رءوف عباس حامد
الدور مراجع ومقدم
942 ## - عناصر المدخل الإضافي( كوها)
مصدر التصنيف او مخطط الترفيف Dewey Decimal Classification
Koha [default] item type كتاب
260 ## - PUBLICATION, DISTRIBUTION, ETC. (IMPRINT)
-- القاهرة :
-- المركز القومى للترجمة ،
Holdings
حالة التراجع حالة الفقد حالة تلف ليس للاعارة المكان المؤقت الموقع الحالى تاريخ الاكتساب اجمالي اﻻعارات رقم الطلب الباركود تاريخ اخر مشاهدة تاريخ تفعيل السعر نوع وعاء كوها
        مكتبة القاهرة الكبرى مكتبة القاهرة الكبرى 11/19/2014   962.031 ق/د م 158862 11/19/2014 11/19/2014 كتاب

Powered By

EGPV